000 00284nam a2200121Ia 4500
008 220216s9999 xx 000 0 und d
100 _aTiyo
245 0 _aHigh stocks pare down rubber price
260 _bRubber Asia
_c2002
300 _a58-62
650 _aRubber price
942 _cJS
999 _c60403
_d60403